|
|
|
|
| LEADER |
02709nam a2200409 a 4500 |
| 001 |
EBC3021876 |
| 003 |
MiAaPQ |
| 005 |
20200520144314.0 |
| 006 |
m o d | |
| 007 |
cr cn||||||||| |
| 008 |
101104s2011 nyuad sb 001 0 eng d |
| 010 |
|
|
|z 2010047014
|
| 020 |
|
|
|z 9781611229301 (hardback)
|
| 020 |
|
|
|z 1611229308 (hardback)
|
| 020 |
|
|
|a 9781621001379 (electronic bk.)
|
| 035 |
|
|
|a (MiAaPQ)EBC3021876
|
| 035 |
|
|
|a (Au-PeEL)EBL3021876
|
| 035 |
|
|
|a (CaPaEBR)ebr10686199
|
| 035 |
|
|
|a (OCoLC)751978863
|
| 040 |
|
|
|a MiAaPQ
|c MiAaPQ
|d MiAaPQ
|
| 050 |
|
4 |
|a HF1365
|b .G58 2011
|
| 082 |
0 |
4 |
|a 337
|2 22
|
| 245 |
0 |
0 |
|a Globalization policies and issues
|h [electronic resource] /
|c Brandon J. Sherman, editor.
|
| 260 |
|
|
|a New York :
|b Nova Science Publishers,
|c c2011.
|
| 300 |
|
|
|a xii, 384 p. :
|b ill. (some col.).
|
| 490 |
1 |
|
|a Global economic studies
|
| 504 |
|
|
|a Includes bibliographical references and index.
|
| 505 |
0 |
|
|a Gloablization, offshoring, and multinational companies : what are the questions, and how well are we doing in answering them? / Ralph Kozlow -- U.S. agricultural policy response to WTO cotton decision / Randy Schnepf -- Dispute settlement in the World Trade Organization : an overview / Jeanne J. Grimmett -- Trade remedies : a primer / Vivian C. Jones -- WTO Doha round : the agricultural negotiations / Charles E. Hanrahan and Randy Schnepf -- Trade preferences for developing countries and the WTO / Jeanne J. Grimmett -- Financial globlization, crises, and contagion / Sergio L. Schmukler, Pablo Zoido and Marina Halac -- Neoliberal globailization and politics of institutional change in Turkey : towards a 'strategic-effective state'? / Sadik Unay -- Globalization, religion, and nonviolence / K.K. Kuriakose -- An overview of computational methods in forecasting tourism demand : recommendations and future research / Marcos Alvarez-Diaz and Jaume Rossello-Nadal -- Shifting locus of influence in the labor union movement : negotiations in international framework agreements / Niklas Egels-Zanden -- Trade policy in the globalizing world : policy modeling and simulations of futures / Akira Onishi.
|
| 533 |
|
|
|a Electronic reproduction. Ann Arbor, MI : ProQuest, 2015. Available via World Wide Web. Access may be limited to ProQuest affiliated libraries.
|
| 650 |
|
0 |
|a Globalization
|x Economic aspects.
|
| 650 |
|
0 |
|a International economic relations.
|
| 650 |
|
0 |
|a International trade.
|
| 655 |
|
4 |
|a Electronic books.
|
| 700 |
1 |
|
|a Sherman, Brandon J.
|
| 710 |
2 |
|
|a ProQuest (Firm)
|
| 830 |
|
0 |
|a Global economic studies (Nova Science Publishers)
|
| 856 |
4 |
0 |
|u https://ebookcentral.proquest.com/lib/matrademy/detail.action?docID=3021876
|z Click to View
|